Регионална библиотека "Любен Каравелов" - Русе

Техническо чертане (Запис номер 198306)

MARC детайли
000 -Лидер
Контролно поле с фиксирана дължина 01441nam a2200313 c 4500
003 - Код на организацията, давaща контролен номер
Контролно поле BLK
005 - Дата и час на последна редакция
Контролно поле 20180422120244.0
008 - Елементи от данни с фиксирана дължина
fixed length control field 180411b bul|||||r ||||||| ||bul||
010 ## - Наследен системен номер
LC control number KNG00207650000
040 ## - Източник на каталожния запис
Идентификатор на билиотеката - собственик на записа BLK
041 ## - Код за език
Код за езика на текст/звукозапис или на отделно заглавие Български
Код за езика КДБФ Български
080 ## - УДК
Текстов определител УДК Техника. Технически науки
УДК код - определител по УДК 62
УДК определител :744(075.8)
УДК - код + определител 62:744(075.8)
100 1# - Редна дума - Автор
Автор Калчева, Стефка Николова
Авторска отговорност първи автор
R(LIN) 366715
139 ## - Редно поле
Редна дума Техническо чертане
Авторски знак Тер - Т 53
245 10 - Сведения за заглавието
Заглавие Техническо чертане
Подзаглавни данни Записки на лекциите за студенти от направления електроника, автоматика и електротехника при ВТУ А. Кънчев - Русе
Редно поле (дума) Стефка Николова Калчева.
257 ## - Страна на издаване
Страна на създаване/издаване България
260 ## - Област на издателските данни
-- Русе
Име на издателя, разпространителя и проч. ВТУ Ангел Кънчев
Година на издаване 1988
300 ## - Физическа характеристика
Страници 127 с.
Илюстрации и др. с черт., табл., сх.
Размери/Мащаб 21 см
380 ## - Жанр
Жанр Техника
500 ## - Общи забележки
Забележка Други авт. : Тр. Трифонов, Ц. Цонева, Д. Белкинова, Г. Динев
650 #4 - Допълнително описание по предмет – тема
Основно описание – тема или топоним Техническо чертане - учебници за ВУЗ
9 (RLIN) 249317
653 ## - Ключова дума – ненормативна
Ключова дума техническо чертане
653 ## - Ключова дума – ненормативна
Ключова дума учебници за ВУЗ
852 ## - Местоположение
Форматна сигнатура Цб 162973
856 4# - Електронен адрес и достъп
Електронен формат pdf - файл
Път до файла /url/
856 4# - Електронен адрес и достъп
Електронен формат pdf - файл
Път до файла /url/
942 ## - АРТИКУЛИ
Вид на библиотечния материал Книги
Скрит в OPAC Не
944 ## - СЪЗДАВАНЕ И РЕДАКЦИЯ на ЗАПИСА
Създаване/Редакция Създаване
Дата на регистрацията/редакция 08.06.2017
Служител, извършил регистрацията/редакцията Теодора_Стоянова
944 ## - СЪЗДАВАНЕ И РЕДАКЦИЯ на ЗАПИСА
Създаване/Редакция Редакция
Дата на регистрацията/редакция 08.06.2017
Служител, извършил регистрацията/редакцията Теодора_Стоянова
999 ## - СИСТЕМНИ КОНТРОЛНИ НОМЕРА
Koha biblionumber 198306
Koha biblioitemnumber 198306
Наличности
Код за отписване Код за изгубен артикул Източник на класификационната схема Код за повреда Коз за рестрикции Код за отдаване Артикулен № Име на библиотеката - собственик Име на библиотеката, в която се намира в момента Статус (Текущо местоположение) Дата на вписване в системата Местоположение - отдел Цена в лева Инвентарен номер Систематично азбучна сигнатура Баркод Номер на екземпляра Цена в евро Служебна бележка Служебен тип на артикула
  Не е изгубен Universal Decimal Classification Не е повреден без рестрикции ползва се в читалня 344887 Регионална библиотека "Любен Каравелов" Русе Регионална библиотека "Любен Каравелов" Русе Хранилище 1988-01-01 Хранилище 0.57 533648 Цб 162973 120000533648 1 0.29 Дост: Dp Вид: Сф Дата: 01.01.1988 Книги
Изтеглен Не е изгубен Universal Decimal Classification Не е повреден без рестрикции заемане за дома 344888 Регионална библиотека "Любен Каравелов" Русе Регионална библиотека "Любен Каравелов" Русе Заемна - подръчен фонд 1988-01-01 Заемна - подръчен фонд 0.57 534743 П 62/Т 53 534743 2 0.29 Дост: Pk Вид: Сф Дата: 01.01.1988 Книги
Vip Innovations Ltd, Rousse, Bulgaria 2025